000 00206nam a22000857a 4500
008 161108b xxu||||| |||| 00| 0 eng d
100 _91077
_aBPI INDIA
245 _aDR. Bumble Bee
260 _aNew Delhi
_bBPI
_c2011
999 _c3734
_d3734